000 00915nas a2200289 4500
001 BR2010000609
003 BR-BrBNA
005 20231205113857.0
007 ta
008 230509b bl.|||p| |||| 00| 00por d
040 _aBR-BrBNA
_bpor
_cBiblioteca Nacional de Agricultura
041 _a(Pt)
072 _aL02
100 1 _aMedeiros, F.S.
100 1 _aPatino, H.O.
100 1 _aCano, M.A.S.
100 1 _aRocha, D.C.
100 1 _aGonzalez, F.
245 1 _aDesempenho e características de carcaça de novilhos terminados em pastagem de aveia preta e azevém anual com diferentes níveis de suplementação energética
650 _aAVEIA
650 _aAZEVÉM
650 _aPASTAGEM
650 _aSUPLEMENTO ALIMENTAR
773 0 _tCiência Rural (Brazil)
_xISSN 0103-8478
_g(Jan 2010), v. 40(1) p. 141-148
_wBR2010000609
909 _a202311
_bLúcia
_c55
_dLúcia Elande
942 _2AGRIS
_n0
_cANA
999 _c206072
_d206072